Senescence: Dominanat or recessive in somatic cell crosses (Record no. 33644)

MARC details
000 -LEADER
fixed length control field 00357nam a2200133Ia 4500
082 ## - DEWEY DECIMAL CLASSIFICATION NUMBER
Classification number 57.017.67
Item number NIC
100 ## - MAIN ENTRY--AUTHOR NAME
Personal name MURPHY, D G
245 #0 - TITLE STATEMENT
Title Senescence: Dominanat or recessive in somatic cell crosses
260 ## - PUBLICATION, DISTRIBUTION, ETC. (IMPRINT)
Place of publication New York
Name of publisher Plenum
Year of publication 1977
650 ## - SUBJECT ADDED ENTRY--TOPICAL TERM
Topical Term Senescence
700 ## - ADDED ENTRY--PERSONAL NAME
Personal name NICHOLS, W W
942 ## - ADDED ENTRY ELEMENTS (KOHA)
Koha item type Books
Holdings
Withdrawn status Lost status Damaged status Not for loan Home library Current library Date acquired Full call number Accession Number Koha item type
        RRII Library RRII Library 16/12/2021 57.017.67 NIC 14092 Books